00542nam a2200193Ia 4500008004100000041001200041082001100053100005500064245003500119260003700154300000800191365000700199520002000206546001200226630003500238650002000273655002000293730003500313101110s9999 xx 000 0 und d aENGLISH bJR5338 aMutakekar, V.S..Pataskar,P.G.Sathe, S.S.and Others aSTEPS IN BIOLOGY XII (SCIENCE) c2007bPhadke Prakashan, Kolhapur a347 b61 aBiology/Zoology aENGLISH aSTEPS IN BIOLOGY XII (SCIENCE) aBiology/Zoology aBiology/Zoology aSTEPS IN BIOLOGY XII (SCIENCE)